Theories of comparative political economy (Record no. 640649)

MARC details
000 -LEADER
fixed length control field 00788nam a2200253Ia 4500
003 - CONTROL NUMBER IDENTIFIER
control field OSt
005 - DATE AND TIME OF LATEST TRANSACTION
control field 20220926022944.0
008 - FIXED-LENGTH DATA ELEMENTS--GENERAL INFORMATION
fixed length control field 220923b |||||||| |||| 00| 0 eng d
037 ## - SOURCE OF ACQUISITION
-- 8.00, 20/10/2000, SSS
Terms of availability General Book
040 ## - CATALOGING SOURCE
Original cataloging agency RTL
Transcribing agency RTL
Language of cataloging eng
041 ## - LANGUAGE CODE
Source of code eng
Language code of text/sound track or separate title eng
100 ## - MAIN ENTRY--PERSONAL NAME
Personal name Chilcote Ronald H.
9 (RLIN) 114311
245 #0 - TITLE STATEMENT
Title Theories of comparative political economy
260 ## - PUBLICATION, DISTRIBUTION, ETC.
Place of publication, distribution, etc. New York
Name of publisher, distributor, etc. Westview Press
Date of publication, distribution, etc. 2000
300 ## - PHYSICAL DESCRIPTION
Extent xiii, 316p
Dimensions cm.
500 ## - GENERAL NOTE
General note Bibliography chapterwise and: P 293-98
541 ## - IMMEDIATE SOURCE OF ACQUISITION NOTE
-- 8.00, 20/10/2000, SSS
650 ## - SUBJECT ADDED ENTRY--TOPICAL TERM
Topical term or geographic name entry element Economics irt Political Science
942 ## - ADDED ENTRY ELEMENTS (KOHA)
Classification part X0cW, P0
Koha item type General Books
Source of classification or shelving scheme Colon Classification (CC)
Holdings
Withdrawn status Lost status Source of classification or shelving scheme Damaged status Not for loan Home library Current library Date acquired Source of acquisition Cost, normal purchase price Total Checkouts Full call number Barcode Date last seen Cost, replacement price Price effective from Koha item type
          Ratan Tata Library Ratan Tata Library 2022-09-26 44874/ 1378.81   X0cW P0 RT1158645 2022-09-26 1378.81 2022-09-26 General Books
Copyright @ Delhi University Library System